Investigación y experimentación en el Departamento de Agronomía de la Universidad Nacional del Sur.

Guardado en:
Autor Corporativo: Universidad Nacional del Sur. Departamento de Agronomía.
Formato: Libro
Idioma:Undetermined
Publicado: Bahía Blanca, 1971-
Etiquetas: Agregar Etiqueta
Sin Etiquetas, Sea el primero en etiquetar este registro!
LEADER 00636nam a22001575a 4500
001 EEA.libagro010458
005 20190618110322.0
008 150814m19719999ag############000#0#und#d
110 2 |a Universidad Nacional del Sur.  |b Departamento de Agronomía. 
240 1 0 |a Memoria anual 
245 1 0 |a Investigación y experimentación en el Departamento de Agronomía de la Universidad Nacional del Sur. 
260 |a Bahía Blanca,  |c 1971- 
300 |a v. ;  |c 28 cm. 
500 |a La biblioteca posee: 1971, 1972. 
859 |a AR-BbBCA  |b BIB. AGRONOMIA  |h 630.711  |i B151  |p 1982/0135  |v 1971  |3 1971 
859 |a AR-BbBCA  |b BIB. AGRONOMIA  |h 630.711  |i B151  |p 1982/0136  |v 1972  |3 1972